000 00481 a2200169 4500
999 _c4564
_d4564
010 _aENG-86446
020 _a0143330004
_c175.00
035 _aEN-69979
037 _bDBAD / PUB
082 1 4 _aS
100 1 _aMadana, Kavitha
245 1 _aTenali Raman /
_cby Kavitha Madana
260 _aNew Delhi
_bPenguin Books
_c2006
270 _a11, Community Centre, Panchsheel Park
_bNew Delhi
_cWest Bengal
_e110 017
300 _a162 p.
_c20cm (Pbk)
_bill.
942 _adpl
_cEN
_2ddc
_hS
_mMAN